[Event "CZE-chT2C 2122"]
[Site "Czech Republic"]
[Date "2022.02.13"]
[Round "8.6"]
[White "Hajny, Miloslav"]
[Black "Zelbova, Lada"]
[Result "0-1"]
[WhiteElo "1990"]
[BlackElo "1928"]
[PlyCount "80"]
[EventDate "2021.10.17"]
[EventType "team-tourn"]
[EventRounds "11"]
[EventCountry "CZE"]
[SourceTitle "EXT 2025"]
[Source "ChessBase"]
[SourceDate "2024.10.14"]
[SourceVersion "1"]
[SourceVersionDate "2024.10.14"]
[SourceQuality "1"]
[WhiteTeam "Mlada Boleslav"]
[BlackTeam "Jicin AD"]
[WhiteTeamCountry "CZE"]
[BlackTeamCountry "CZE"]

1. Nf3 c5 2. c4 Nc6 3. Nc3 g6 4. g3 Bg7 5. Bg2 e6 6. d3 Nge7 7. 0-0 0-0 8. Be3 b6 9. d4 Nf5 10. d5 Na5 11. Qd3 Nxe3 12. fxe3 Ba6 13. Nd2 exd5 14. Bxd5 Nc6 15. Qe4 Rb8 16. Nf3 Ne7 17. Rad1 Bxc3 18. bxc3 Nxd5 19. Qxd5 Qe7 20. Qxd7 Qxe3+ 21. Rf2 Bxc4 22. Rd2 a5 23. a4 Qxc3 24. Ng5 Qe5 25. Nf3 Qe8 26. Qc7 Qxa4 27. Ne5 Rbc8 28. Qd6 Be6 29. Rf1 Rcd8 30. Qxd8 Rxd8 31. Rxd8+ Kg7 32. Nf3 Qe4 33. Rf2 Bd5 34. h4 a4 35. Rd7 a3 36. Ra7 a2 37. Rf1 Qxe2 38. Rf2 Qe3 39. Ng5 Qxg3+ 40. Kf1 Bc4+ 0-1

[Event "CZE-chT2C 1920"]
[Site "Czech Republic"]
[Date "2020.01.26"]
[Round "7.5"]
[White "Skalicky, Tomas"]
[Black "Hajny, Miloslav"]
[Result "1-0"]
[WhiteElo "2126"]
[BlackElo "2034"]
[PlyCount "107"]
[EventDate "2019.10.13"]
[EventType "team-tourn"]
[EventRounds "11"]
[EventCountry "CZE"]
[SourceTitle "EXT 2024"]
[Source "ChessBase"]
[SourceDate "2023.10.10"]
[SourceVersion "1"]
[SourceVersionDate "2023.10.10"]
[SourceQuality "1"]
[WhiteTeam "Ricany 1925"]
[BlackTeam "Mlada Boleslav"]
[WhiteTeamCountry "CZE"]
[BlackTeamCountry "CZE"]

1. d4 g6 2. c4 Bg7 3. Nc3 d6 4. Nf3 c6 5. g3 Nd7 6. Bg2 Ngf6 7. 0-0 0-0 8. e4 e5 9. h3 Re8 10. d5 cxd5 11. cxd5 Nc5 12. Re1 a5 13. b3 b5 14. a3 Bb7 15. Bg5 b4 16. axb4 axb4 17. Na4 Nxa4 18. bxa4 Ba6 19. Qb3 Rb8 20. Nd2 Qb6 21. Be3 Qb7 22. Bf1 Rec8 23. Rac1 Nd7 24. Rxc8+ Qxc8 25. Bxa6 Qxa6 26. Nc4 f5 27. f3 Nf6 28. Bf2 fxe4 29. fxe4 Bh6 30. Kg2 Bf8 31. a5 Rb5 32. Qf3 Be7 33. Bb6 Rxb6 34. Nxb6 Qxa5 35. Nc8 Bd8 36. Nxd6 b3 37. Qe2 Qc5 38. Nc4 Qd4 39. Rd1 Qxe4+ 40. Qxe4 Nxe4 41. Rb1 Nc5 42. Nd2 e4 43. Nxb3 Nd3 44. Nc1 Bg5 45. Nxd3 exd3 46. Rd1 d2 47. h4 Bh6 48. Kf3 Kf7 49. g4 g5 50. h5 Bf8 51. Rxd2 Bd6 52. Ke4 Ke7 53. Ra2 Bc5 54. Ra6 1-0

[Event "CZE-chT2C 1819"]
[Site "Czech Republic"]
[Date "2018.11.04"]
[Round "2.5"]
[White "Hosticka, Frantisek"]
[Black "Hajny, Miloslav"]
[Result "1-0"]
[WhiteElo "2144"]
[BlackElo "2003"]
[PlyCount "133"]
[EventDate "2018.10.14"]
[EventType "team-tourn"]
[EventRounds "11"]
[EventCountry "CZE"]
[SourceTitle "EXT 2022"]
[Source "ChessBase"]
[SourceDate "2021.10.06"]
[SourceVersion "1"]
[SourceVersionDate "2021.10.06"]
[SourceQuality "1"]
[WhiteTeam "Praha Mahrla"]
[BlackTeam "Mlada Boleslav"]
[WhiteTeamCountry "CZE"]
[BlackTeamCountry "CZE"]

1. e4 Nf6 2. e5 Nd5 3. d4 d6 4. Bc4 c6 5. Nf3 g6 6. 0-0 Bg7 7. Re1 0-0 8. Bb3 dxe5 9. dxe5 Bg4 10. h3 Bxf3 11. Qxf3 e6 12. c4 Nb6 13. Nc3 N8d7 14. Bf4 Qc7 15. Qe3 a5 16. a4 Rfe8 17. Rad1 Rf8 18. Ne4 Nxe5 19. Nd6 Nbd7 20. c5 Qb8 21. Nxf7 Rxf7 22. Bxe6 Qf8 23. Qg3 Re8 24. Bxf7+ Qxf7 25. Re3 Nc4 26. Rxe8+ Qxe8 27. Qb3 Qf7 28. Rxd7 Qxd7 29. Qxc4+ Qf7 30. Qxf7+ Kxf7 31. Bd2 Bxb2 32. Bxa5 Bd4 33. Bb6 Ke6 34. g4 Kd5 35. Kg2 Bxc5 36. Bd8 Bd6 37. Kf3 Kd4 38. Ke2 Kc3 39. a5 c5 40. Ke3 c4 41. f4 Kb3 42. f5 gxf5 43. gxf5 c3 44. Ke4 h6 45. Bb6 Kb2 46. Bd4 Bb4 47. f6 Bxa5 48. f7 Bb4 49. Kd3 Kb3 50. Bxc3 Bf8 51. Bf6 b5 52. Ke4 Kc2 53. Kf5 b4 54. Kg6 b3 55. Kh7 b2 56. Bxb2 Kxb2 57. Kg8 Bd6 58. f8Q Bxf8 59. Kxf8 Kc3 60. Kg7 h5 61. Kg6 h4 62. Kg5 Kd4 63. Kxh4 Ke5 64. Kg5 Ke6 65. Kg6 Ke7 66. Kg7 Ke6 67. h4 1-0

[Event "CZE-chT2B 1718"]
[Site "Czech Republic"]
[Date "2018.02.11"]
[Round "8.6"]
[White "Stolc, Martin"]
[Black "Hajny, Miloslav"]
[Result "1-0"]
[WhiteElo "2079"]
[BlackElo "2034"]
[PlyCount "73"]
[EventDate "2017.10.15"]
[EventType "team-tourn"]
[EventRounds "11"]
[EventCountry "CZE"]
[SourceTitle "EXT 2022"]
[Source "ChessBase"]
[SourceDate "2021.10.06"]
[SourceVersion "1"]
[SourceVersionDate "2021.10.06"]
[SourceQuality "1"]
[WhiteTeam "Zizkov"]
[BlackTeam "Mlada Boleslav"]
[WhiteTeamCountry "CZE"]
[BlackTeamCountry "CZE"]

1. e4 Nf6 2. Nc3 d6 3. d4 g6 4. f3 Bg7 5. Be3 0-0 6. Qd2 c6 7. Nge2 e5 8. 0-0-0 Nbd7 9. d5 c5 10. g4 a6 11. Ng3 b5 12. h4 Nb6 13. h5 Re8 14. Bh6 Bh8 15. Bg5 Qc7 16. Be2 b4 17. Nb1 a5 18. Rdg1 a4 19. a3 bxa3 20. Nxa3 Ba6 21. Bxa6 Rxa6 22. Qh2 Nbd7 23. hxg6 fxg6 24. Bxf6 Nxf6 25. g5 Nh5 26. Nxh5 gxh5 27. g6 h6 28. g7 Bxg7 29. Qxh5 Kf8 30. Kb1 Re7 31. Qg4 Qd7 32. Qg6 Rf7 33. Qh7 Rf6 34. Rg3 Ra7 35. Rhg1 Rf7 36. Rg6 Ra6 37. Rxg7 1-0

[Event "CZE-chT2B 1718"]
[Site "Czech Republic"]
[Date "2017.10.15"]
[Round "1.4"]
[White "Hajny, Miloslav"]
[Black "Liska, Jiri2"]
[Result "0-1"]
[WhiteElo "2034"]
[BlackElo "2241"]
[PlyCount "110"]
[EventDate "2017.10.15"]
[EventType "team-tourn"]
[EventRounds "11"]
[EventCountry "CZE"]
[SourceTitle "EXT 2022"]
[Source "ChessBase"]
[SourceDate "2021.10.06"]
[SourceVersion "1"]
[SourceVersionDate "2021.10.06"]
[SourceQuality "1"]
[WhiteTeam "Mlada Boleslav"]
[BlackTeam "Turnov Zikuda II"]
[WhiteTeamCountry "CZE"]
[BlackTeamCountry "CZE"]

1. Nf3 Nf6 2. g3 d5 3. c4 d4 4. e3 c5 5. exd4 cxd4 6. Bg2 Nc6 7. 0-0 e5 8. Re1 Bd6 9. b4 0-0 10. c5 e4 11. Ng5 Be5 12. Nxe4 Nxb4 13. d3 h6 14. a3 Nc6 15. Nbd2 Nxe4 16. Bxe4 Bc7 17. Nb3 f5 18. Bg2 f4 19. Qf3 fxg3 20. Qd5+ Kh8 21. fxg3 Bf5 22. Qxd8 Raxd8 23. Bb2 Bxd3 24. Bxc6 bxc6 25. Re7 Rc8 26. Nxd4 Bd8 27. Rxa7 Bf6 28. Rd1 Bg6 29. Rd7 Rfd8 30. Rxd8+ Rxd8 31. Kf2 Rd5 32. Rd2 Rxc5 33. Ne6 Rf5+ 34. Kg2 Bxb2 35. Rxb2 h5 36. Rb7 Bf7 37. Nf4 g5 38. Nd3 Bd5+ 39. Kg1 Rf3 40. Ne5 Rxa3 41. Nf7+ Kg7 42. Nxg5+ Kf6 43. Nh3 Be4 44. Rb4 Kf5 45. Kf2 h4 46. g4+ Ke5 47. Ng5 Bd5 48. Nh7 Rf3+ 49. Kg1 c5 50. Rb8 c4 51. g5 c3 52. Rc8 Kd4 53. g6 Rf4 54. Nf8 Bc4 55. Rd8+ Ke3 0-1

[Event "CZE-chT2B 1617"]
[Site "Czech Republic"]
[Date "2016.12.11"]
[Round "5.6"]
[White "Sykora, Ondrej"]
[Black "Hajny, Miloslav"]
[Result "1/2-1/2"]
[WhiteElo "2105"]
[BlackElo "2034"]
[PlyCount "50"]
[EventDate "2016.10.09"]
[EventType "team-tourn"]
[EventRounds "11"]
[EventCountry "CZE"]
[SourceTitle "EXT 2022"]
[Source "ChessBase"]
[SourceDate "2021.10.06"]
[SourceVersion "1"]
[SourceVersionDate "2021.10.06"]
[SourceQuality "1"]
[WhiteTeam "Turnov Zikuda II"]
[BlackTeam "Mlada Boleslav"]
[WhiteTeamCountry "CZE"]
[BlackTeamCountry "CZE"]

1. e4 Nf6 2. e5 Nd5 3. Nf3 d6 4. d4 Bg4 5. exd6 Qxd6 6. Bc4 e6 7. 0-0 Be7 8. Nbd2 Nf6 9. c3 0-0 10. Qb3 Qb6 11. h3 Bh5 12. Ne5 Qxb3 13. Bxb3 c5 14. g4 Bg6 15. Nxg6 hxg6 16. Nf3 Nc6 17. Be3 cxd4 18. Nxd4 Na5 19. Bd1 Nd5 20. Bc1 Rac8 21. Bf3 Rfd8 22. Rb1 a6 23. Ne2 Bf6 24. Ng3 b5 25. a3 Nc4 1/2-1/2

[Event "CZE-chT2B 1516"]
[Site "Czech Republic"]
[Date "2016.02.07"]
[Round "7.6"]
[White "Miskolczi, Vitezslav"]
[Black "Hajny, Miloslav"]
[Result "0-1"]
[WhiteElo "2055"]
[BlackElo "2041"]
[PlyCount "32"]
[EventDate "2015.10.18"]
[EventType "team-tourn"]
[EventRounds "11"]
[EventCountry "CZE"]
[SourceTitle "EXT 2022"]
[Source "ChessBase"]
[SourceDate "2021.10.06"]
[SourceVersion "1"]
[SourceVersionDate "2021.10.06"]
[SourceQuality "1"]
[WhiteTeam "Unichess II"]
[BlackTeam "Mlada Boleslav"]
[WhiteTeamCountry "CZE"]
[BlackTeamCountry "CZE"]

1. e4 Nf6 2. e5 Nd5 3. d4 d6 4. f4 dxe5 5. dxe5 Bf5 6. Nf3 e6 7. Nd4 Bg6 8. Bb5+ c6 9. Ba4 Nb6 10. Bb3 c5 11. Nb5 c4 12. Be3 N8d7 13. 0-0 cxb3 14. axb3 a6 15. Nd6+ Bxd6 16. Qxd6 Rc8 0-1

[Event "CZE-chT2B 1415"]
[Site "Czech Republic"]
[Date "2015.01.25"]
[Round "6.5"]
[White "Hajny, Miloslav"]
[Black "Vanka, Miloslav"]
[Result "0-1"]
[WhiteElo "2047"]
[BlackElo "2157"]
[PlyCount "46"]
[EventDate "2014.11.02"]
[EventType "team-tourn"]
[EventRounds "11"]
[EventCountry "CZE"]
[SourceTitle "EXT 2022"]
[Source "ChessBase"]
[SourceDate "2021.10.06"]
[SourceVersion "1"]
[SourceVersionDate "2021.10.06"]
[SourceQuality "1"]
[WhiteTeam "Mlada Boleslav"]
[BlackTeam "Neratovice"]
[WhiteTeamCountry "CZE"]
[BlackTeamCountry "CZE"]

1. Nf3 f5 2. c4 Nf6 3. Nc3 g6 4. g3 Bg7 5. Bg2 0-0 6. 0-0 d6 7. d4 c6 8. Qc2 Na6 9. a3 Qe8 10. Nh4 e5 11. dxe5 dxe5 12. e4 Nh5 13. b3 f4 14. Bf3 Bh3 15. Ng2 g5 16. Bxh5 Qxh5 17. Rd1 Rf6 18. Ne1 fxg3 19. hxg3 Bg4 20. f3 Bxf3 21. Nxf3 Qxf3 22. Bxg5 Qxg3+ 23. Qg2 Qxg2+ 0-1

[Event "CZE-chT2B 1213"]
[Site "Czech Republic"]
[Date "2013.03.03"]
[Round "10.8"]
[White "Hajny, Miloslav"]
[Black "Nguyen, Thai Dai Van"]
[Result "1/2-1/2"]
[WhiteElo "2058"]
[BlackElo "2069"]
[PlyCount "91"]
[EventDate "2012.10.14"]
[EventType "team-tourn"]
[EventRounds "11"]
[EventCountry "CZE"]
[SourceTitle "EXT 2015"]
[Source "ChessBase"]
[SourceDate "2014.11.20"]
[SourceVersion "1"]
[SourceVersionDate "2014.11.20"]
[SourceQuality "1"]
[WhiteTeam "Mlada Boleslav"]
[BlackTeam "Postovni sporitelna II"]
[WhiteTeamCountry "CZE"]
[BlackTeamCountry "CZE"]

1. Nf3 Nf6 2. g3 g6 3. Bg2 Bg7 4. c4 c6 5. d4 d5 6. Nbd2 0-0 7. 0-0 Nbd7 8. b3 Ne8 9. Bb2 Nd6 10. Ne5 Nf6 11. e3 Be6 12. Rc1 Rc8 13. f3 Nd7 14. Nd3 Bh6 15. Nf4 Bxf4 16. gxf4 dxc4 17. bxc4 b5 18. c5 Nc4 19. Nxc4 Bxc4 20. Re1 Qc7 21. a4 Rfd8 22. Qc2 Nf6 23. axb5 cxb5 24. Bf1 Bxf1 25. Rxf1 a5 26. Ra1 a4 27. Bc3 Ra8 28. Bb4 Nd5 29. Qd2 Rdb8 30. Rfb1 Ra6 31. Ra3 Rd8 32. Qe2 Re6 33. Qd2 Ra6 34. Kf2 Rda8 35. Qd3 Rb8 36. Qd2 Rb7 37. Rg1 Rb8 38. Rg4 h5 39. Rg1 Kh7 40. h4 e6 41. Kg3 Rg8 42. Rh1 Raa8 43. Kf2 Rgb8 44. Rb1 Rc8 45. Rc1 Ra6 46. Rb1 1/2-1/2

[Event "CZE-chT2B 1213"]
[Site "Czech Republic"]
[Date "2013.01.20"]
[Round "7.8"]
[White "Pletanek, Jan"]
[Black "Hajny, Miloslav"]
[Result "1-0"]
[WhiteElo "2179"]
[BlackElo "2058"]
[PlyCount "83"]
[EventDate "2012.10.14"]
[EventType "team-tourn"]
[EventRounds "11"]
[EventCountry "CZE"]
[SourceTitle "EXT 2015"]
[Source "ChessBase"]
[SourceDate "2014.11.20"]
[SourceVersion "1"]
[SourceVersionDate "2014.11.20"]
[SourceQuality "1"]
[WhiteTeam "Decin"]
[BlackTeam "Mlada Boleslav"]
[WhiteTeamCountry "CZE"]
[BlackTeamCountry "CZE"]

1. e4 Nf6 2. Nc3 d6 3. d4 g6 4. Be3 Bg7 5. Qd2 Ng4 6. Bg5 h6 7. Bh4 c6 8. h3 Nf6 9. Nf3 b5 10. Bd3 a6 11. 0-0-0 Be6 12. Rhe1 Qa5 13. a3 Qb6 14. e5 dxe5 15. dxe5 Nd5 16. Be4 Nxc3 17. Qxc3 Ra7 18. Nd4 Bd5 19. Bxd5 cxd5 20. Qc8+ Qd8 21. Qxd8+ Kxd8 22. Nb3 g5 23. Rxd5+ Rd7 24. Rxd7+ Nxd7 25. Bg3 e6 26. Re4 Kc7 27. a4 Kc6 28. axb5+ axb5 29. f4 Bf8 30. fxg5 hxg5 31. Rg4 Be7 32. Nd4+ Kc5 33. Nf3 Rh5 34. Be1 Kd5 35. Bb4 Bxb4 36. Rxb4 Kc5 37. c3 Rh8 38. Rd4 Kc6 39. Kc2 Rg8 40. Rg4 Kd5 41. h4 Nxe5 42. Rd4+ 1-0

[Event "CZE-chT2B 1213"]
[Site "Czech Republic"]
[Date "2012.11.18"]
[Round "3.8"]
[White "Purnoch, Josef"]
[Black "Hajny, Miloslav"]
[Result "1-0"]
[WhiteElo "2119"]
[BlackElo "2058"]
[PlyCount "215"]
[EventDate "2012.10.14"]
[EventType "team-tourn"]
[EventRounds "11"]
[EventCountry "CZE"]
[SourceTitle "EXT 2015"]
[Source "ChessBase"]
[SourceDate "2014.11.20"]
[SourceVersion "1"]
[SourceVersionDate "2014.11.20"]
[SourceQuality "1"]
[WhiteTeam "Neratovice"]
[BlackTeam "Mlada Boleslav"]
[WhiteTeamCountry "CZE"]
[BlackTeamCountry "CZE"]

1. d4 Nf6 2. c4 d6 3. Nc3 g6 4. e4 Bg7 5. f4 c5 6. d5 0-0 7. Nf3 Bg4 8. Be2 Nbd7 9. 0-0 a6 10. h3 Bxf3 11. Bxf3 Rb8 12. a4 b6 13. g4 Ne8 14. Qc2 e6 15. Be3 e5 16. f5 g5 17. Qh2 h6 18. Kg2 f6 19. h4 Qe7 20. Rh1 Nc7 21. Be2 Rf7 22. Kf3 Nf8 23. Bd3 Nh7 24. Qh3 Qe8 25. Rh2 Qf8 26. Rah1 Qe8 27. Qf1 Qf8 28. Rh3 Ne8 29. R1h2 Rbb7 30. Qh1 Rbd7 31. Ne2 Rb7 32. Ng3 Rbd7 33. Nh5 Bh8 34. Ng3 Bg7 35. Qc1 Rb7 36. Qf1 Rbd7 37. Ke2 Rb7 38. Kf2 Rbd7 39. Kf3 Rb7 40. Qg1 Rbd7 41. Qh1 Rb7 42. hxg5 fxg5 43. Nh5 Bh8 44. Ke2 Rbd7 45. Kd2 Rb7 46. Kc2 Rbc7 47. Kd2 Ra7 48. Ng3 Bg7 49. Nh5 Bh8 50. Ke2 Rab7 51. Kf3 Rbc7 52. Ke2 Rb7 53. f6 Nhxf6 54. Nxf6+ Rxf6 55. Rxh6 Rxh6 56. Rxh6 Bf6 57. Qh5 Rg7 58. Rg6 a5 59. Rh6 Qf7 60. Qh1 Qd7 61. Qf3 Be7 62. b3 Rf7 63. Qh3 Bf8 64. Rg6+ Rg7 65. Re6 Qf7 66. Qf3 Be7 67. Qf5 Qxf5 68. gxf5 Kf7 69. Kf3 Nf6 70. Kg3 g4 71. Kg2 Nh5 72. Bf1 Nf6 73. Bd3 Nh5 74. Bf1 Nf6 75. Bd3 Nh5 76. Bc2 Rh7 77. Rg6 Rg7 78. Re6 Rh7 79. Bh6 Bf6 80. Be3 Be7 81. Bd1 Nf6 82. Bg5 Rh3 83. Bxf6 Bxf6 84. Rxd6 Rd3 85. Bxg4 Rxb3 86. Bh5+ Kg7 87. Rd7+ Kh6 88. Bf7 Kg5 89. Rd6 Rb2+ 90. Kf3 Rb3+ 91. Ke2 Rb4 92. Kd3 Rb3+ 93. Kd2 Rb4 94. Kc3 Rxa4 95. Rxb6 Ra3+ 96. Kc2 Re3 97. d6 Rxe4 98. d7 Rd4 99. Bd5 Bd8 100. Rb8 Bc7 101. Rc8 Bb6 102. Rc6 Bd8 103. f6 Rf4 104. f7 a4 105. Rc8 a3 106. Rxd8 a2 107. Kb2 Rf2+ 108. Ka1 1-0

[Event "CZE-chT2C 1011"]
[Site "Czech Republic"]
[Date "2010.11.07"]
[Round "2.6"]
[White "Groh, Jiri"]
[Black "Hajny, Miloslav"]
[Result "1-0"]
[WhiteElo "2001"]
[BlackElo "2075"]
[PlyCount "115"]
[EventDate "2010.10.17"]
[EventType "team-tourn"]
[EventRounds "11"]
[EventCountry "CZE"]
[SourceTitle "EXT 2012"]
[Source "ChessBase"]
[SourceDate "2011.11.24"]
[SourceVersion "1"]
[SourceVersionDate "2011.11.24"]
[SourceQuality "1"]
[WhiteTeam "Liberec"]
[BlackTeam "Bakov nad Jizerou"]
[WhiteTeamCountry "CZE"]
[BlackTeamCountry "CZE"]

1. d4 Nf6 2. c4 g6 3. Nc3 Bg7 4. e4 d6 5. h3 0-0 6. Be3 c6 7. Bd3 e5 8. d5 a5 9. Qd2 Na6 10. Rc1 Nd7 11. Nf3 Nac5 12. Bb1 Nb6 13. b3 cxd5 14. Nxd5 Be6 15. 0-0 Bxd5 16. cxd5 Nbd7 17. Rfe1 b5 18. Bd3 Qb8 19. Qe2 b4 20. Bb5 Rc8 21. Bxd7 Nxd7 22. Rxc8+ Qxc8 23. Rc1 Qb8 24. Rc6 Bf8 25. Qc4 h6 26. Qc1 Nf6 27. Qc4 Kg7 28. Nd2 Be7 29. g3 Ne8 30. Kg2 Qb7 31. f4 Bf6 32. Nf3 Qe7 33. fxe5 Bxe5 34. Nxe5 dxe5 35. Qc1 h5 36. Bc5 Qd7 37. Bb6 a4 38. bxa4 Rxa4 39. Qb2 b3 40. Qxb3 Rxe4 41. Rc2 Nf6 42. Rd2 h4 43. Bf2 Nh5 44. Qf3 Ra4 45. g4 Nf4+ 46. Kh2 g5 47. d6 Rc4 48. Qe3 Kf6 49. Qa7 Ke6 50. Qa8 Rc6 51. Qg8 Rxd6 52. Rxd6+ Qxd6 53. Qxg5 Qd5 54. Qf5+ Ke7 55. Bxh4+ Kd6 56. Qc2 Qf3 57. Bg3 Ne2 58. Qd1+ 1-0

[Event "CZE-chT2C 0910"]
[Site "Czech Republic"]
[Date "2010.04.18"]
[Round "11.5"]
[White "Hajny, Miloslav"]
[Black "Kaplan, Daniel"]
[Result "1/2-1/2"]
[WhiteElo "2106"]
[BlackElo "2091"]
[PlyCount "76"]
[EventDate "2009.10.18"]
[EventType "team-tourn"]
[EventRounds "11"]
[EventCountry "CZE"]
[SourceTitle "EXT 2011"]
[Source "ChessBase"]
[SourceDate "2010.11.26"]
[SourceVersion "1"]
[SourceVersionDate "2010.11.26"]
[SourceQuality "1"]
[WhiteTeam "Mlada Boleslav"]
[BlackTeam "Kolin"]
[WhiteTeamCountry "CZE"]
[BlackTeamCountry "CZE"]

1. Nf3 Nf6 2. g3 d5 3. c4 e6 4. Bg2 Be7 5. 0-0 0-0 6. d4 c5 7. cxd5 Nxd5 8. e4 Nf6 9. Nc3 cxd4 10. Nxd4 e5 11. Nb3 Qxd1 12. Rxd1 Nc6 13. Bg5 Bg4 14. f3 Be6 15. Bxf6 Bxf6 16. Nc5 Nd4 17. Nxe6 fxe6 18. f4 Rfd8 19. Rac1 Rac8 20. Kf2 Kf7 21. Bh3 h6 22. Rd3 Rc6 23. Rcd1 Rcd6 24. Na4 b6 25. R1d2 Nb5 26. Bf1 Nd4 27. Nc3 Ke7 28. b3 exf4 29. gxf4 Nxb3 30. axb3 Bxc3 31. Rxd6 Rxd6 32. Rxd6 Kxd6 33. e5+ Ke7 34. Kf3 g5 35. Be2 Bd2 36. fxg5 hxg5 37. Ke4 a5 38. h3 Bc3 1/2-1/2

[Event "CZE-chT2C 0910"]
[Site "Czech Republic"]
[Date "2009.12.06"]
[Round "4.6"]
[White "Fiala, Jaroslav"]
[Black "Hajny, Miloslav"]
[Result "1-0"]
[WhiteElo "2248"]
[BlackElo "2106"]
[PlyCount "71"]
[EventDate "2009.10.18"]
[EventType "team-tourn"]
[EventRounds "11"]
[EventCountry "CZE"]
[SourceTitle "EXT 2011"]
[Source "ChessBase"]
[SourceDate "2010.11.26"]
[SourceVersion "1"]
[SourceVersionDate "2010.11.26"]
[SourceQuality "1"]
[WhiteTeam "Jicin"]
[BlackTeam "Mlada Boleslav"]
[WhiteTeamCountry "CZE"]
[BlackTeamCountry "CZE"]

1. e4 Nf6 2. Nc3 d6 3. d4 g6 4. f3 Bg7 5. Be3 c6 6. Qd2 Nbd7 7. 0-0-0 Qa5 8. g4 h5 9. g5 Ng8 10. f4 e6 11. Kb1 Ne7 12. Nb5 Qxd2 13. Nxd6+ Kf8 14. Rxd2 b5 15. Nf3 Nb6 16. Ne5 Bxe5 17. fxe5 Kg7 18. Rf2 Rf8 19. Bh3 Nc4 20. Rhf1 Nxd6 21. exd6 Ng8 22. Bf4 f5 23. gxf6+ Kh7 24. e5 Bd7 25. Bg2 Rf7 26. Be4 Nh6 27. Bxh6 Kxh6 28. h4 Rg8 29. Rg1 Be8 30. Rfg2 Rb7 31. Kc1 a5 32. d7 Rxd7 33. Bxc6 Rc7 34. Bxe8 Rxe8 35. Rxg6+ Kh7 36. Rg7+ 1-0

[Event "CZE-chT2C 0910"]
[Site "Czech Republic"]
[Date "2009.11.22"]
[Round "3.6"]
[White "Hajny, Miloslav"]
[Black "Klecker, Tadeas"]
[Result "0-1"]
[WhiteElo "2106"]
[BlackElo "2147"]
[PlyCount "149"]
[EventDate "2009.10.18"]
[EventType "team-tourn"]
[EventRounds "11"]
[EventCountry "CZE"]
[SourceTitle "EXT 2011"]
[Source "ChessBase"]
[SourceDate "2010.11.26"]
[SourceVersion "1"]
[SourceVersionDate "2010.11.26"]
[SourceQuality "1"]
[WhiteTeam "Mlada Boleslav"]
[BlackTeam "Praha Oaza"]
[WhiteTeamCountry "CZE"]
[BlackTeamCountry "CZE"]

1. Nf3 d5 2. c4 d4 3. b4 c5 4. Bb2 Bg4 5. Ne5 Bd7 6. bxc5 f6 7. Nxd7 Qxd7 8. e3 Nc6 9. d3 e6 10. Nd2 Nh6 11. Nb3 Nf5 12. g4 Nh4 13. exd4 Qc7 14. Qe2 0-0-0 15. Qxe6+ Kb8 16. 0-0-0 Bxc5 17. Nxc5 Rhe8 18. Kb1 Rxe6 19. Nxe6 Qe7 20. Nxd8 Nxd8 21. d5 Nf7 22. d4 Ng5 23. Bd3 Nhf3 24. Ka1 Nh3 25. Rhf1 Nf4 26. h3 a6 27. a3 g5 28. Bf5 Kc7 29. Bc1 Kd8 30. Bxf4 Qxa3+ 31. Kb1 Qb3+ 32. Ka1 Qc3+ 33. Kb1 gxf4 34. d6 Nd2+ 35. Rxd2 Qxd2 36. d7 Qb4+ 37. Ka1 Qc3+ 38. Kb1 a5 39. Rc1 Qb3+ 40. Ka1 a4 41. h4 Qa3+ 42. Kb1 Qb4+ 43. Ka1 Qd2 44. Rc2 Qxd4+ 45. Ka2 f3 46. h5 h6 47. Kb1 a3 48. Ka2 Qc5 49. Kb3 Kc7 50. Ra2 Qa7 51. c5 Qa6 52. Kb4 Qe2 53. Kxa3 Qc4 54. Rc2 Qd4 55. Kb3 Qd5+ 56. Kc3 Qe5+ 57. Kc4 Qe2+ 58. Kd4 Qe5+ 59. Kd3 Qe1 60. Rd2 Qe5 61. Kc4 Kd8 62. Rc2 Qe2+ 63. Kb4 Qe1+ 64. Kb3 Kc7 65. c6 Qb1+ 66. Rb2 Qd1+ 67. Kc3 bxc6 68. Rd2 Qa1+ 69. Kd3 Qe5 70. Rc2 c5 71. Kd2 Qd4+ 72. Ke1 c4 73. Rd2 Qa1+ 74. Rd1 Qe5+ 75. Kf1 0-1

[Event "CZE-chT2C 0809"]
[Site "Czech Republic"]
[Date "2009.04.05"]
[Round "11.8"]
[White "Svondr, Michal"]
[Black "Hajny, Miloslav"]
[Result "1/2-1/2"]
[WhiteElo "1988"]
[BlackElo "2085"]
[PlyCount "20"]
[EventDate "2008.10.12"]
[EventType "tourn"]
[EventRounds "11"]
[EventCountry "CZE"]
[SourceTitle "EXT 2010"]
[Source "ChessBase"]
[SourceDate "2010.11.25"]
[SourceVersion "1"]
[SourceVersionDate "2010.11.25"]
[SourceQuality "1"]
[WhiteTeam "Lysa nad Labem II"]
[BlackTeam "Mlada Boleslav"]
[WhiteTeamCountry "CZE"]
[BlackTeamCountry "CZE"]

1. e4 Nf6 2. e5 Nd5 3. d4 d6 4. c4 Nb6 5. f4 dxe5 6. fxe5 Bf5 7. Nc3 e6 8. Be3 Nc6 9. Be2 Be7 10. Nf3 f6 1/2-1/2

[Event "CZE-chT2C 0809"]
[Site "Czech Republic"]
[Date "2009.02.08"]
[Round "8.8"]
[White "Sturz, Ota"]
[Black "Hajny, Miloslav"]
[Result "1-0"]
[WhiteElo "2084"]
[BlackElo "2085"]
[PlyCount "109"]
[EventDate "2008.10.12"]
[EventType "tourn"]
[EventRounds "11"]
[EventCountry "CZE"]
[SourceTitle "EXT 2010"]
[Source "ChessBase"]
[SourceDate "2010.11.25"]
[SourceVersion "1"]
[SourceVersionDate "2010.11.25"]
[SourceQuality "1"]
[WhiteTeam "Vysehrad III"]
[BlackTeam "Mlada Boleslav"]
[WhiteTeamCountry "CZE"]
[BlackTeamCountry "CZE"]

1. e4 Nf6 2. Nc3 d6 3. d4 g6 4. Bg5 h6 5. Be3 Ng4 6. Bf4 e5 7. dxe5 dxe5 8. Qxd8+ Kxd8 9. Bg3 Bd6 10. 0-0-0 Nd7 11. Nf3 Re8 12. Bc4 Ke7 13. Nb5 a6 14. Nxd6 cxd6 15. Nd2 Nb6 16. Rhe1 Be6 17. Bxe6 Kxe6 18. f3 Nf6 19. Bf2 Nfd7 20. b3 Rac8 21. Kb2 f5 22. c4 Rc6 23. Nb1 Nc5 24. Nc3 Rf8 25. Be3 f4 26. Bf2 g5 27. Nd5 h5 28. Bxc5 dxc5 29. Nxb6 Rxb6 30. Rd5 Rd6 31. Kc3 Rxd5 32. exd5+ Kf5 33. b4 b6 34. a4 g4 35. a5 cxb4+ 36. Kxb4 bxa5+ 37. Kxa5 Rc8 38. Re4 gxf3 39. gxf3 Rb8 40. Kxa6 Rb3 41. c5 Rxf3 42. Rc4 Ra3+ 43. Kb7 Rb3+ 44. Kc7 f3 45. d6 f2 46. Rc1 e4 47. d7 Rd3 48. d8Q Rxd8 49. Kxd8 e3 50. c6 e2 51. c7 e1Q 52. c8Q+ Kf4 53. Rc4+ Kg5 54. Qc5+ Kg6 55. Qd6+ 1-0

[Event "CZE-chT2C 0809"]
[Site "Czech Republic"]
[Date "2008.12.07"]
[Round "4.8"]
[White "Skala, Jaromir"]
[Black "Hajny, Miloslav"]
[Result "0-1"]
[WhiteElo "2080"]
[BlackElo "2085"]
[PlyCount "80"]
[EventDate "2008.10.12"]
[EventType "tourn"]
[EventRounds "11"]
[EventCountry "CZE"]
[SourceTitle "EXT 2010"]
[Source "ChessBase"]
[SourceDate "2010.11.25"]
[SourceVersion "1"]
[SourceVersionDate "2010.11.25"]
[SourceQuality "1"]
[WhiteTeam "Kolin"]
[BlackTeam "Mlada Boleslav"]
[WhiteTeamCountry "CZE"]
[BlackTeamCountry "CZE"]

1. e4 Nf6 2. Nc3 d6 3. d4 g6 4. Be3 Bg7 5. Qd2 Ng4 6. h3 Nxe3 7. fxe3 c6 8. Nf3 Nd7 9. Bc4 0-0 10. Ne2 e5 11. c3 Qe7 12. Ng3 Nb6 13. Bb3 a5 14. a4 Be6 15. d5 cxd5 16. exd5 Bd7 17. e4 Rac8 18. 0-0 Rc5 19. Qe2 f5 20. exf5 gxf5 21. Nd4 Qg5 22. Ne6 Qxg3 23. Nxc5 dxc5 24. Rf3 Qg5 25. Qf2 Rc8 26. Bc2 e4 27. Rg3 Qe7 28. d6 Qxd6 29. Rd1 Qe5 30. Rg5 h6 31. Rg6 Rc6 32. Rxc6 Bxc6 33. Rd8+ Kh7 34. Bb3 e3 35. Bg8+ Kg6 36. Qe2 Bf6 37. Rf8 Be8 38. Bc4 Bg7 39. Rg8 Nxc4 40. Rxe8 Qxe8 0-1